Introduction to thge Humanities : (Record no. 14839)
[ view plain ]
| 000 -LEADER | |
|---|---|
| fixed length control field | 00537nam a22001697a 4500 |
| 003 - CONTROL NUMBER IDENTIFIER | |
| control field | PILC |
| 005 - DATE AND TIME OF LATEST TRANSACTION | |
| control field | 20150112093444.0 |
| 008 - FIXED-LENGTH DATA ELEMENTS--GENERAL INFORMATION | |
| fixed length control field | 130227t xxu||||| |||| 00| 0 eng d |
| 020 ## - INTERNATIONAL STANDARD BOOK NUMBER | |
| International Standard Book Number | 9789710388646 |
| 050 ## - LIBRARY OF CONGRESS CALL NUMBER | |
| Classification number | NX 440 |
| Item number | .M547 2009 |
| 082 ## - DEWEY DECIMAL CLASSIFICATION NUMBER | |
| Classification number | G 001.3 |
| Item number | M52 2009 |
| 100 ## - MAIN ENTRY--PERSONAL NAME | |
| Personal name | Jesus Z. Menoy |
| 9 (RLIN) | 18830 |
| 245 ## - TITLE STATEMENT | |
| Title | Introduction to thge Humanities : |
| Statement of responsibility, etc | Francisco M. Zulueta |
| Remainder of title | a hollistic Approach / |
| 260 ## - PUBLICATION, DISTRIBUTION, ETC. (IMPRINT) | |
| Place of publication, distribution, etc | Mandaluyong City |
| Name of publisher, distributor, etc | Books Atbp. Publishing Corp., |
| Date of publication, distribution, etc | 2009. |
| 300 ## - PHYSICAL DESCRIPTION | |
| Extent | 287 pages : |
| Other physical details | illustration ; |
| Dimensions | 22 cm. |
| 942 ## - ADDED ENTRY ELEMENTS (KOHA) | |
| Source of classification or shelving scheme | Library of Congress Classification |
| Koha item type | Books |
| Withdrawn status | Lost status | Source of classification or shelving scheme | Damaged status | Home library | Current library | Shelving location | Date acquired | Total Checkouts | Full call number | Barcode | Date last seen | Copy number | Price effective from | Koha item type |
|---|---|---|---|---|---|---|---|---|---|---|---|---|---|---|
| Library of Congress Classification | Southville International School Affiliated with Foreign Universities Library | Southville International School Affiliated with Foreign Universities Library | Southville Foreign University Section | 09/12/2013 | NX 440 .Z94 2008 | SFU1302 | 05/15/2018 | 1 | 09/12/2013 | Books | ||||
| Library of Congress Classification | Southville International School Affiliated with Foreign Universities Library | Southville International School Affiliated with Foreign Universities Library | Southville Foreign University Section | 09/21/2013 | NX 440 .M547 2009 | SFU1629 | 05/15/2018 | 1 | 09/21/2013 | Books |